Countries of National Independence days In January - Statistics

General Stats
  • This quiz has been taken 14 times
  • The average score is 3 of 9
Answer Stats
How They Got Independence Hint Answer % Correct
Independence from France January 1 Haiti
70%
Part of the Split of Chechoslovakia January 1 Czech Republic
60%
Independence from New Zealand January 1 Samoa
50%
Independence from Egypt and the UK January 1 Sudan
50%
Independence from the UK, Australia and New Zealand January 31 Nauru
30%
Independence from the UK January 4 Myanmar
20%
Independence from the UK January 1 Brunei
10%
Independence from France and the UK January 1 Cameroon
10%
The Unification Act January 22 Ukraine
10%
No matching quizzes found
Score Distribution
Percent of People with Each Score
Percentile by Number Answered
Your Score History
You have not taken this quiz